| 000 | 02263nam0a2200409 4500 | ||
|---|---|---|---|
| 001 | RU\NLR\BIBL_A\011749502 | ||
| 005 | 20180725124517.0 | ||
| 010 |
_a978-5-85341-824-0 _9500 |
||
| 021 |
_aRU _bКН-П-18-043456 _9КН-П-18-3140 |
||
| 035 | _a(NLR Aleph) 011749502 | ||
| 035 | _a(RuMoRGB)009659950 | ||
| 090 |
_a11622315 _c11622315 |
||
| 100 | _a20180713d2018 k y0rusy50 ca | ||
| 101 | 0 | _arus | |
| 102 | _aRU | ||
| 105 | _ac|||z|||000zy | ||
| 200 | 1 |
_aТворчество Н.Д. Ахшарумова: опыт монографического анализа беллетристических и критических текстов _e[монография] _fН.В. Володина, С.Ю. Лаврова _g[Череповецкий государственный университет] |
|
| 210 |
_aЧереповец _cФГБОУ ВО "Череповецкий государственный университет" _d2018 |
||
| 215 |
_a162 с. _cпортр. _d21 |
||
| 300 | _aНа 4-й с. обл. 2-й авт.: С.Ю. Лаврова - д.филол.н., проф. | ||
| 300 | _aВ кн. год рождения Н.Д. Ахшарумова - 1920 | ||
| 320 | _aБиблиогр. в конце разд. | ||
| 320 | _aДр. труды 1-го авт. на 4-й с. обл. | ||
| 600 | 1 |
_aАхшарумов _bН. Д. _f1819 - 1893 _gНиколай Дмитриевич _92373666 _3RU\NLR\AUTH\6601638112 |
|
| 686 |
_aШ5(2=Р)52-4Ахшарумов Н.Д.4,0 _2rubbk |
||
| 686 |
_aШ4г(2)1д.Ахшарумов Н.Д.-4,0 _2rubbk |
||
| 686 | 2 | _aШ5(2=Р)52-4Ахшарумов | |
| 700 | 1 |
_7ca _8rus _aВолодина _bН. В. _cд-р филол. наук _f1950-2021 _gНаталья Владимировна _9116387 _3RU\NLR\AUTH\776433 |
|
| 701 | 1 |
_7ca _8rus _aЛаврова _bС. Ю. _cд-р филол. наук _f1956- _gСветлана Юрьевна _9115437 _3RU\NLR\AUTH\775473 |
|
| 702 | 1 |
_4570 _7ca _8rus _aАхшарумов _bН. Д. _f1819-1893 _gНиколай Дмитриевич _95640 _3RU\NLR\AUTH\7722583 |
|
| 942 | _cBOOK | ||
| 980 | _aNBR | ||
| 980 | _aNB | ||